• 首页
  • 本馆介绍
  • 公告通知
  • 最新文献
  • 馆藏检索
  • 电子资源
  • 读者导购
  • 参考咨询
  • 我的图书馆
  • 登录
  • 期刊详细显示
  • 现刊情况显示
  • 合订本情况显示
  • 篇目信息显示

期刊信息

  • 表格格式
  • 工作单格式
  • 卡片格式
索取号 
C5/HEBX
题名 
哈尔滨学院学报
作者 
哈尔滨学院学报编辑部
分册号 
分册名 
出版地 
黑龙江
出版者 
哈尔滨学院学报编辑部
标准刊号 
1004-5856
出版频率 
月刊
中图法分类 
C5
主题词 
社会科学 丛书; 社会科学 文集; 社会科学 连续出版物
电子资源 
000 00755nas0 2200253 45
001 0552754062
005 20070417153409.09
010    @d8
011    @a1004-5856@dCNY8.00(2005)
091    @aCN23-1451/G4
092    @b14-290
100    @a20051129d km y0chiy0120 ea
101 0  @achi
200 1  @a哈尔滨学院学报@AHa Er Bin Xue Yuan Xue Bao@i综合版@f哈尔滨学院学报编辑部@FHa Er Bin Xue Yuan Xue Bao Bian Ji Bu
210    @a黑龙江@c哈尔滨学院学报编辑部
326    @a月刊
517 1  @a综合版@AZong He Ban
606 0  @a社会科学@x丛书
606 0  @a社会科学@x文集
606 0  @a社会科学@x连续出版物
690    @aC5@v4
711  0 @a哈尔滨学院学报编辑部@AHa Er Bin Xue Yuan Xue Bao Bian Ji Bu
801  0 @aCN@bPFT@c20070417
905    @aTJWY@dC5@eHEBX
    
    哈尔滨学院学报.综合版/哈尔滨学院学报编辑部.-黑龙江:哈尔滨学院学报编辑部
    
    
    
    8 ISSN 1004-5856:CNY8.00(2005)
    
●
相关链接: 在易读查询期刊 在中国知网中查询期刊 在万方数据查询期刊 在维普查询期刊
唐山师范学院图书馆 欢迎您!
大连网信软件有限公司© 版权所有